The Pleasures at Your Side: Papres from the Wanaparthy Smasthan, 1832-1911/ (Record no. 176491)

MARC details
000 -LEADER
fixed length control field 00665nam a22001817a 4500
005 - DATE AND TIME OF LATEST TRANSACTION
control field 20210104120206.0
010 ## - LCCN (DPL NO)
LC control number ENG-128719
020 ## - INTERNATIONAL STANDARD BOOK NUMBER
International Standard Book Number 978-93-5287-696-9
Terms of availability 395.00
035 ## - SYSTEM CONTROL NUMBER
System control number EN-112251
037 ## - SOURCE OF ACQUISITION
Source of stock number/acquisition DBAD/PUB
082 ## - DEWEY DECIMAL CLASSIFICATION NUMBER
Classification number 954.84
245 ## - TITLE STATEMENT
Title The Pleasures at Your Side: Papres from the Wanaparthy Smasthan, 1832-1911/
Statement of responsibility, etc Edited by Benjamin B. Cohen
260 ## - PUBLICATION, DISTRIBUTION, ETC. (IMPRINT)
Place of publication, distribution, etc Telangana
Name of publisher, distributor, etc Orient Blackswan Private Limited
Date of publication, distribution, etc 2019
270 ## - ADDRESS
City Telangana
Postal code 500029
Address 3-6-752, Himayatnagar, Hyderabad
Electronic mail address info@orientblackswan.com
300 ## - PHYSICAL DESCRIPTION
Extent xxxviii+169p.
Dimensions 22cm(pbk)
Other physical details including Map.
700 ## - ADDED ENTRY--PERSONAL NAME
Personal name B. Cohen, Benjamin ,Ed.
942 ## - ADDED ENTRY ELEMENTS (KOHA)
Source of classification or shelving scheme Dewey Decimal Classification
Item type English Books
Classification part 954.84
Call number suffix PLE
Holdings
Withdrawn status Lost status Not for loan Collection code Home library Current library Date acquired Source of acquisition Cost, normal purchase price Full call number Barcode Copy number Cost, replacement price Koha item type
      Non-fiction Central Library Central Library 04/01/2021 DBAD/PUB 395.00 954.84 PLE EN-112251 1 395.00 English Books

© Delhi Public Library
Hit Counter
free hit counter